000 01916nam a2200253 a 4500
001 000026287
005 20260527074041.0
008 110309s1999 dr ad 001 0 spa d
040 _aDO-SdBNP
_bspa
_cBNPHU
082 _a324.7
_bR173p
100 1 _aRamírez Morillo, Belarminio,
_d1964-
_92520
245 1 0 _aProceso Político :
_bpartidos, encuesta, propaganda, actores políticos, y medios de comunicación en la campaña electoral /
_cBelarminio Ramírez Morillo.
260 _aSanto Domingo :
_bInstituto de Fomación Política,
_c1999.
_fDiálogo
300 _a201 p. :
_bil., tablas ;
_c22 cm.
500 _aIncluye referencias bibliográfícas y notas al pie de las páginas.
504 _aBibliografía: p.193-197.
505 0 _gPresentación --
_gIntroducción --
_tEl escenario pre-electoral --
_tEl diálogo nacional y sus consecuencias --
_tMarco legal de las campañas electorales --
_tPartidos y candidatos en competencia --
_tLas estrategias de la campaña electoral --
_tLos temas clave de la campaña --
_tLa maquinaria política en la campaña --
_tAsesores y consultores en la campaña --
_tPolíticos y comunicadores: una relación conflictiva útil a la democracia --
_tLos medios de comunicación y la campaña --
_tLa propaganda electoral --
_tLos personajes de la campaña --
_tEl financiamiento de la campaña electoral --
_tEmpresas y sondeos de opinión --
_tLa muerte de Peña Gómez y su impacto en el escenario político electoral --
_tLos resultados electorales y el impacto sobre la representación política --
_tLas causas de la abstención electoral --
_gBibliografía.
590 _aInventariado, 2019/MFF
650 4 _aElecciones
_zRepública Dominicana
_92992
650 0 _aPartidos políticos
_zRepública Dominicana
_9285
650 4 _aCampaña electoral
_zRepública Dominicana
_93002
651 0 _aRepública Dominicana
_xPolítica y gobierno
_945
910 _aValidado. Control de calidad EMS
999 _c25779
_d25779